NANCY DREW DIARIES - SECRET AT MYSTIC LAKE (Record no. 7878)
[ view plain ]
| 000 -LEADER | |
|---|---|
| fixed length control field | 00669nam a22001457a 4500 |
| 020 ## - INTERNATIONAL STANDARD BOOK NUMBER | |
| ISBN | 978-1-4814-0012-1 |
| 082 ## - DEWEY DECIMAL CLASSIFICATION NUMBER | |
| Classification number | 823 |
| Item number | KEE/N |
| 100 ## - MAIN ENTRY--AUTHOR NAME | |
| Personal name | KEENE, CAROLYN |
| 245 ## - TITLE STATEMENT | |
| Title | NANCY DREW DIARIES - SECRET AT MYSTIC LAKE |
| 260 ## - PUBLICATION, DISTRIBUTION, ETC. (IMPRINT) | |
| Place of publication | NEW YORK |
| Name of publisher | ALADDIN PAPERBACKS |
| Year of publication | 2014 |
| 300 ## - PHYSICAL DESCRIPTION | |
| Number of Pages | 151 |
| 520 ## - SUMMARY, ETC. | |
| Summary, etc | To celebrate her birthday, George is taking Nancy and Bess on a three-day bike tour around the scenic Mystic Lake. They can't wait to spend time exploring the gorgeous landscape by day and camping under the stars at night. What they didn't count on was sabotage! First someone steals food and supplies from their packs. |
| 650 ## - SUBJECT ADDED ENTRY--TOPICAL TERM | |
| Topical Term | MYSTERY |
| Geographic subdivision | UNITED STATES |
| 942 ## - ADDED ENTRY ELEMENTS (KOHA) | |
| Koha item type | Books |
| Withdrawn status | Lost status | Collection code | Home library | Current library | Shelving location | Date acquired | Source of acquisition | Cost, normal purchase price | Full call number | Accession Number | Koha item type |
|---|---|---|---|---|---|---|---|---|---|---|---|
| Fiction | Main Library | Main Library | NEW SHELF WITH NEW ENTRY | 20/11/2023 | purchase | 250.00 | 823 KEE/N | 13482 | Books |